书目信息 |
| 题名: |
理工科大学生人文素质初悟
|
|
| 作者: | 肖纪美 著 | |
| 分册: | ||
| 出版信息: | 北京 冶金工业出版社 2005.9 |
|
| 页数: | 23,153页 | |
| 开本: | 21cm | |
| 丛书名: | ||
| 单 册: | ||
| 中图分类: | G640 | |
| 科图分类: | ||
| 主题词: | 工科(教育)--gong ke ( jiao yu )--大学生--素质教育 , 大学生--da xue sheng , 理科(教育)--li ke ( jiao yu )--大学生--素质教育 , 素质教育--su zhi jiao yu | |
| 电子资源: | ||
| ISBN: | 7-5024-3790-8 | |
| 000 | 01163nam0 2200277 45 | |
| 001 | 012005000000 | |
| 005 | 20061012154336.98 | |
| 010 | @a7-5024-3790-8@dCNY15.00 | |
| 100 | @a20051108d2005 em y0chiy0121 ea | |
| 101 | 0 | @achi |
| 102 | @aCN@b110000 | |
| 105 | @ay z 001yy | |
| 200 | 1 | @a理工科大学生人文素质初悟@Ali gong ke da xue sheng ren wen su zhi chu wu@e学习、交融、实践、悟知@f肖纪美著 |
| 210 | @a北京@c冶金工业出版社@d2005.9 | |
| 215 | @a23,153页@d21cm | |
| 314 | @a肖纪美,北京钢铁学院金属物理教授,中国科学院院士,著有《合金能量学》等。 | |
| 320 | @a有索引(第149-150页)、书目(第151-153页) | |
| 330 | @a本书作者由儒学、《老子》、《孙子》、四书五经、唐诗、宋词和中国文学名著展开,引经据典地从学习、借鉴、启示、交融、实践、悟知的角度,讲述了其对哲学和自然科学的认识,对科学研究思路和方法的归纳,对处世、成才、创新的感悟等。 | |
| 606 | 0 | @a工科(教育)@Agong ke ( jiao yu )@x大学生@x素质教育 |
| 606 | 0 | @a大学生@Ada xue sheng |
| 606 | 0 | @a理科(教育)@Ali ke ( jiao yu )@x大学生@x素质教育 |
| 606 | 0 | @a素质教育@Asu zhi jiao yu |
| 690 | @aG640@v4 | |
| 701 | 0 | @a肖纪美@Axiao ji mei@4著 |
| 801 | 0 | @aCN@c20061012 |
| 905 | @a10447@dG640@eX291 | |
| 理工科大学生人文素质初悟:学习、交融、实践、悟知/肖纪美著.-北京:冶金工业出版社,2005.9 |
| 23,153页;21cm |
| ISBN 7-5024-3790-8:CNY15.00 |
| 本书作者由儒学、《老子》、《孙子》、四书五经、唐诗、宋词和中国文学名著展开,引经据典地从学习、借鉴、启示、交融、实践、悟知的角度,讲述了其对哲学和自然科学的认识,对科学研究思路和方法的归纳,对处世、成才、创新的感悟等。 |
| ● |
| 相关链接 |
|
|
|
正题名:理工科大学生人文素质初悟
索取号:G640/X291
 
预约/预借
| 序号 | 登录号 | 条形码 | 馆藏地/架位号 | 状态 | 备注 |
| 1 | 549761 | 205497611 | 社科库409/409社科库 9排4列4层/ [索取号:G640/X291] | 在馆 | |
| 2 | 549762 | 205497620 | 社科二线422/422社科库 32排3列2层/ [索取号:G640/X291] | 在馆 | |
| 3 | 549763 | 205497639 | 社科库409/409社科库 9排4列4层/ [索取号:G640/X291] | 在馆 | |
| 4 | 549764 | 205497648 | 社科库409/409社科库 9排4列4层/ [索取号:G640/X291] | 在馆 | |
| 5 | 549765 | 205497657 | 社科二线422/422社科库 32排3列2层/ [索取号:G640/X291] | 在馆 |